00728nam a2200253 a 4500003000900000005001700009008004100026020002700067020003000094040001000124100002000134245002500154260003900179300002100218650001300239650003200252650003500284650001800319650001900337650001400356650001500370650002500385856006400410PK-NaQUE20260127094432.0260127b           ||||| |||| 00| 0 eng d  a0140620249 (paperback)  a9780140624304 (paperback)  cQUEST1 aCollins, Wilkie14aThe Woman in White /  a[S.l.] :bPENGUIN CLASSICS,c2007.  a1 v. (unpaged) ;  aEngland	  aInheritance and succession	  aPsychiatric hospital patients	  aArt teachers	  aCountry homes	  aNobility	  aDeception	  aManners and customs	40uhttp://10.10.170.122:8080/browse/book/29259yDownload eBook